000 00288 a2200121 4500
000 nam a22 7a 4500
005 20260206125359.0
020 _a9789348670625
100 _aKanwal Bharti
_91114227
245 _aHindi kavita ki nayi dhara
260 _bSwaraj
_c2025
942 _cTEXL
999 _c1678805
_d1678805